The relationship between succession planning and career development /
| Main Author: | |
|---|---|
| Format: | Book |
| Published: |
Kedah:
Universiti Utara Malaysia,
2009.
|
| Subjects: |
| LEADER | 00566cam a2200181 7i4500 | ||
|---|---|---|---|
| 001 | 0000011640 | ||
| 005 | 20151104090000.0 | ||
| 005 | ##20151104112900.0 | ||
| 003 | ##MY-KlINT | ||
| 039 | # | 9 | |y 201511041129 |z VLOAD |
| 090 | 0 | 0 | |a SSP 06/09 |
| 100 | 1 | # | |a Julia bt Jaladdin |
| 245 | 1 | 4 | |a The relationship between succession planning and career development / |c by Julia bt Jaladdin. |
| 260 | # | # | |a Kedah: |b Universiti Utara Malaysia, |c 2009. |
| 300 | # | # | |a 63 p. |
| 500 | # | # | |a Ijazah Sarjana Sains (Pengurusan) |
| 650 | # | 0 | |a Thesis -- |z Malaysia |
| 999 | |a 0000064869 |b BOOK |c Dissertation |e INTAN BK | ||